000 00771nam a2200277 a 4500
001 000110519
003 CHAP
005 20220329144137.0
008 140908s2011 mx | |r| |||||||spa|d
010 _a106981
011 _a107953
020 _a9786079017323
040 _cCHAP
082 0 4 _a808.14
_bF47
100 1 _aFigueroa Acuña, Iván
_9128314
245 1 0 _aSauces /
_cpor Iván Figueroa Acuña.
260 3 _aYucatán, Méx. :
_bInstituto de Cultura de Yucatán
_bConsejo Nacional para la Cultura y las Artes,
_c2011.
300 _a53 p.
590 _aE792CSJ
_b05
_c20140908
_lUCH01
_h0911
590 _aE792CSJ
_b05
_c20140908
_lUCH01
_h0919
650 1 4 _aPoesía.
_990141
650 1 4 _aPoetas.
_990153
901 _aBK
942 _cLIBRO
942 _n0
999 _c106981
_d106981